000 00536nam a22001937a 4500
003 DO-SdBNP
005 20171124104611.0
008 171123b 1969 enk a ||||| |||| 00| 0 spa d
020 _a0582364639
040 _aBPMSU
_bspa
_cBPMSU
092 _axxxx
_bxxxx
100 1 _aMitchell, Brian
245 1 0 _aViaje a Madrid /
_cBrian Mitchell.
260 _aLondon :
_bLongman,
_c1969.
300 _a78 p. :
_bil. ;
_c21 cm.
942 _2ddc
_cBK
945 _aInventario / 2017 LP
956 _aLOPEREZ
_b10
_c20171123
_h0041
_iBPMSU
999 _c13056
_d13056